Pekin nenchū gyōjiki /
Saved in:
| Main Author: | |
|---|---|
| Other Authors: | |
| Format: | Book |
| Language: | Japanese Chinese |
| Published: |
Tōkyō :
Iwanami Shoten,
Shōwa 16 [1941]
|
| Series: | Iwanami bunko ;
2779-2781 |
| Subjects: | |
| Tags: |
Add Tag
No Tags, Be the first to tag this record!
|
| LEADER | 01494nam a2200385ui 4500 | ||
|---|---|---|---|
| 001 | 007721308-4 | ||
| 005 | 20024617121422.0 | ||
| 008 | 901203s1941 ja h 000 0 jpn d | ||
| 020 | |a 4003344618 | ||
| 035 | 0 | |a ocm33661702 | |
| 040 | |a *LWU* |b jpn |c *LWU* |d *CVU* |d *YNH* |d CStRLIN | ||
| 041 | 1 | |a jpn |h chi | |
| 100 | 1 | |6 880-01 |a Tun, Li-chʻên, |d 1855-1911. | |
| 240 | 1 | 0 | |6 880-02 |a Yen-ching sui shih chi. |l Japanese. |f 1941 |
| 245 | 1 | 0 | |6 880-03 |a Pekin nenchū gyōjiki / |c Sei Tonsū [i.e. Ton Reishin] hen ; Ono Katsutoshi yakuchū. |
| 260 | |6 880-04 |a Tōkyō : |b Iwanami Shoten, |c Shōwa 16 [1941] | ||
| 300 | |a 282 p. : |b facsims. ; |c 15 cm. | ||
| 490 | 0 | |6 880-05 |a Iwanami bunko ; |v 2779-2781 | |
| 500 | |6 880-06 |a Translation of: Yen-ching sui shih chi. | ||
| 500 | |6 880-07 |a Tsuketari: Genbun. | ||
| 653 | |6 880-08 |a Nenchūgyōji |a Chūgoku. | ||
| 650 | 0 | |a Festivals |z China |z Beijing. | |
| 651 | 0 | |a China |x Social life and customs. | |
| 700 | 1 | |6 880-09 |a Ono, Katsutoshi. | |
| 880 | 1 | |6 100-01 |a 敦禮臣, |d 1855-1911. | |
| 880 | 1 | 0 | |6 240-02 |a 燕京歲時記. |l Japanese. |f 1941 |
| 880 | 1 | 0 | |6 245-03 |a 北京年中行事記 / |c 淸敦崇[i.e. 敦禮臣]編; 小野勝年譯註. |
| 880 | |6 260-04 |a 東京 : |b 岩波書店, |c 昭和16 [1941] | ||
| 880 | 0 | |6 490-05 |a 岩波文庫 ; |v 2779-2781 | |
| 880 | |6 500-06 |a Translation of: 燕京歲時記. | ||
| 880 | |6 500-07 |a 附: 原文. | ||
| 880 | |6 653-08 |a 年中行事 |a 中国. | ||
| 880 | 1 | |6 700-09 |a 小野勝年. | |
| 988 | |a 20021220 | ||
| 906 | |0 OCLC | ||


